Constitucionalismo y orden liberal América Latina, 1850-1920 /
Αποθηκεύτηκε σε:
| Κύριος συγγραφέας: | |
|---|---|
| Συγγραφή απο Οργανισμό/Αρχή: | |
| Άλλοι συγγραφείς: | |
| Μορφή: | Κείμενο |
| Έκδοση: |
Turín:
Otto editore
|
| Θέματα: | |
| Ετικέτες: |
Προσθήκη ετικέτας
Δεν υπάρχουν, Καταχωρήστε ετικέτα πρώτοι!
|
MARC
| LEADER | 00000 a a2200000 04500 | ||
|---|---|---|---|
| 001 | 27879 | ||
| 003 | |||
| 040 | |||
| 020 | |a 88-87503-07-9 | ||
| 090 | |a 186600 | ||
| 100 | |a Carmagnani, Marcello | ||
| 110 | |a Universidad de Turín | ||
| 245 | |a Constitucionalismo y orden liberal América Latina, 1850-1920 / |c Marcello Carmagnani | ||
| 260 | |a Turín: |b Otto editore | ||
| 300 | |a 380 p |b **no definido** |b fonodiscos | ||
| 650 | |a LIBERALISMO | ||
| 650 | |a IDEOLOGIAS POLITICAS | ||
| 650 | |a DOCTRINAS POLITICAS | ||
| 650 | |a DOCTRINAS SOCIALES | ||
| 650 | |a DOCTRINAS ECONOMICAS | ||
| 650 | |a SOCIEDAD CIVIL | ||
| 650 | |a TEORIA DEL ESTADO | ||
| 650 | |a ANALISIS HISTORICO | ||
| 650 | |a EXPORTACIONES | ||
| 650 | |a ARANCELES | ||
| 650 | |a INGRESOS | ||
| 650 | |a GASTOS | ||
| 650 | |a DEUDA PUBLICA | ||
| 650 | |a IMPUESTOS | ||
| 700 | |a coord | ||
| 999 | |c 13856 |d 13856 | ||



